000
00280nam a2200145Ia 4500
100
_a
Bagad
942
_c
BK
654
_a
network
245
_a
Computer Network
260
_b
Tech Publication
_c
2003
082
_a
4.6
_b
BAG
300
_a
310
546
_a
ENGLISH
999
_c
26228
_d
26228